| 000 | 01021nam0a22002531 4500 | ||
|---|---|---|---|
| 001 | rc\777979 | ||
| 005 | 20260407072546.0 | ||
| 035 | _a(NLR Aleph) 006304028 | ||
| 090 |
_a7281512 _c7281512 |
||
| 100 | _a20040301d1983 |||y0rusy50 ca | ||
| 101 | 0 | _arus | |
| 102 | _aRU | ||
| 105 | _aa ||||||||| | ||
| 200 | 1 |
_aАрхеологические исследования в Верхневолжье _eСб. науч. тр. _fКалинин. гос. ун-т _g[Редкол.: В.Л. Янин (отв. ред.) и др.] |
|
| 210 |
_aКалинин _cКГУ _d1983 |
||
| 215 |
_a111 с. _cил. _d20 |
||
| 320 | _aБиблиогр. в примеч. в конце ст. | ||
| 702 | 1 |
_4340 _7ca _8rus _aЯнин _bВ. Л. _f1929-2020 _gВалентин Лаврентьевич _9111281 _3RU\NLR\AUTH\771252 |
|
| 712 | 0 | 2 |
_aТверской государственный университет _9273366 _3RU\NLR\AUTH\881533 |
| 801 | 0 |
_aRU _bNLR _gpsbo |
|
| 801 | 1 |
_aRU _bELAR _2rusmarc |
|
| 852 |
_aNLR _j84-3/5725 |
||
| 942 | _cBOOK | ||
| 980 | _aNB | ||